[Event "SVK-ch U16"]
[Site "Tatralandia"]
[Date "2024.04.11"]
[Round "8"]
[White "Krivosik, Matus"]
[Black "Liska, Leo"]
[Result "1/2-1/2"]
[WhiteElo "1782"]
[BlackElo "1361"]
[PlyCount "89"]
[EventDate "2024.04.05"]
[EventType "swiss"]
[EventRounds "9"]
[EventCountry "SVK"]
[SourceTitle "CBM 219 Extra"]
[Source "ChessBase"]
[SourceDate "2024.05.31"]
[SourceVersion "1"]
[SourceVersionDate "2024.05.31"]
[SourceQuality "1"]

1. d4 d5 2. Nf3 Nf6 3. c4 c6 4. g3 Bf5 5. Nc3 e6 6. Nh4 Bg6 7. Bg2 Nbd7 8. Qb3 Qb6 9. c5 Qxb3 10. axb3 e5 11. Nxg6 hxg6 12. dxe5 Nxe5 13. Bf4 Ned7 14. b4 Be7 15. e4 dxe4 16. Nxe4 Nxe4 17. Bxe4 0-0 18. 0-0 Bf6 19. Rad1 Ne5 20. Bxe5 Bxe5 21. Rd7 Rab8 22. b3 Bc3 23. b5 cxb5 24. Bxb7 Rfd8 25. Rfd1 Ba5 26. c6 Kf8 27. Kg2 Ke8 28. R1d5 Rxd7 29. Rxd7 Rd8 30. Rxd8+ Kxd8 31. Ba6 b4 32. Bc4 f6 33. Bf7 g5 34. Kh3 Bb6 35. f3 Bg1 36. Kg2 Bb6 37. h4 gxh4 38. gxh4 Ke7 39. Bd5 Kd6 40. Be4 f5 41. Bxf5 Kxc6 42. Kg3 Kd6 43. Kf4 Bd8 44. Kg4 Ke5 45. Be4 1/2-1/2

[Event "SVK-ch U16"]
[Site "Tatralandia"]
[Date "2024.04.09"]
[Round "6"]
[White "Hitka, Dominik"]
[Black "Liska, Leo"]
[Result "1-0"]
[WhiteElo "1854"]
[BlackElo "1361"]
[PlyCount "31"]
[EventDate "2024.04.05"]
[EventType "swiss"]
[EventRounds "9"]
[EventCountry "SVK"]
[SourceTitle "CBM 219 Extra"]
[Source "ChessBase"]
[SourceDate "2024.05.31"]
[SourceVersion "1"]
[SourceVersionDate "2024.05.31"]
[SourceQuality "1"]

1. e4 c6 2. Nf3 d5 3. Nc3 Bg4 4. Be2 e6 5. d4 Nf6 6. e5 Nfd7 7. Ng5 Bf5 8. Bg4 Bxg4 9. Qxg4 c5 10. Qh5 g6 11. Qf3 Qe7 12. Nb5 f6 13. Nd6+ Kd8 14. Ngf7+ Kc7 15. exf6 Qxf6 16. Ne8+ 1-0